| 000 | 01308nam0a22003011 4500 | ||
|---|---|---|---|
| 001 | RU\INFOCOMM_318\5000052244 | ||
| 005 | 20260406112842.0 | ||
| 035 | _a(NLR Aleph) 009469274 | ||
| 090 |
_a8516300 _c8516300 |
||
| 100 | _a20121113d1989 |||y0rusy50 ca | ||
| 101 | 0 | _aeng | |
| 102 | _aRU | ||
| 105 | _ay z ||||| | ||
| 200 | 1 |
_aHousing, human settlements and development in East European countries _fUN Centre for human settlements (Habitat) _gState comm. on architecture a. town planning (Goskomarkhitectury) _g[Under the editorship of A. S. Krivov] |
|
| 210 |
_aM. _cHabitat execut. bureau etc. _d1989 |
||
| 215 |
_a135 с. _d24 см |
||
| 606 | 0 |
_aЖилищное строительство _yСоциалистические страны _91068280 _3RU\NLR\AUTH\66415589 |
|
| 606 | 0 |
_aЖилищное строительство _yСоциалистические страны _91068280 _3RU\NLR\AUTH\66415589 |
|
| 620 | _aМосква | ||
| 686 |
_aУ44(0,6)12 _2rubbk |
||
| 686 |
_aУ31(0,6)544.12 _2rubbk |
||
| 702 | 1 |
_aKrivov _bA. S. _gAleksandr Sergeevič _4340 |
|
| 712 | 0 | 2 |
_4570 _8eng _aUnited Nations _bCentre for human settlements (habitat) _7ba _3RU\NLR\AUTH\888739 _9289966 |
| 801 | 1 |
_aRU _bNLR _c20121113 |
|
| 801 | 0 |
_aRU _bINFOCOMM _gPSBO |
|
| 852 |
_aNLR _jЭк4I Д-7/293 |
||
| 942 | _cBOOK | ||
| 980 | _aNB | ||